000 00600naa a2200217 i 4500
001 61061
003 ES-MaBCM
005 20241016112252.0
008 990722s1999 fra 000 0 fre d
021 _axx
035 _a(OCoLC)1365178687
040 _cES-MaBCM
041 0 _afre
043 _afra
100 1 _aLong, Marceau
_927064
245 1 0 _aLa présidence de l'ORTF
_cMarceau Long
650 7 _aTelevisión
_960428
651 4 _aFrancia
_9115364
773 0 _aEn:
_tLa revue administrative
_dParis : 1999
_w104665
_g52 année, nº 309, mai-juin, p. 230-239. - Loc. S.1bis
942 _cAREV
999 _c61061
_d61061